[Event "45th Olympiad 2024"]
[Site "Budapest HUN"]
[Date "2024.09.14"]
[Round "4.61"]
[Board "3"]
[White "Cheikhna, Mohamed Lemine"]
[Black "Galvez Dastin, Eduardo"]
[Result "1/2-1/2"]
[WhiteElo "1884"]
[BlackElo "2100"]
[PlyCount "86"]
[EventDate "2024.09.11"]
[WhiteTeam "Mauritania"]
[BlackTeam "Guatemala"]
[WhiteTeamCountry "MAU"]
[BlackTeamCountry "GUA"]

1. e4 c6 2. Nf3 d5 3. d3 Bg4 4. Nbd2 e6 5. Be2 ({RR} 5. h3 Bh5 6. g4 Bg6 7. h4 h5 8. Ne5 Bh7 9. g5 Bd6 10. g6 fxg6 11. Ndf3 Qc7 12. d4 Ne7 13. Ng5 Bxe5 14. dxe5 Bg8 15. Be3 Nd7 16. f4 O-O-O 17. Qd2 dxe4 18. O-O-O Nb6 19. Qxd8+ Qxd8 {1-0 Kovalev,V (2620)-Firouzja,A (2786) Titled Tue 13th Jun Late 2023 (5)}) 5... Nf6 6. O-O dxe4 $146 ({RR} 6... Be7 7. b3 O-O 8. Bb2 c5 9. Ne5 Bxe2 10. Qxe2 Nfd7 11. Nxd7 Nxd7 12. f4 Rc8 13. c4 dxe4 14. dxe4 Nb8 15. Rad1 Nc6 16. Nf3 Qa5 17. Ba1 Rcd8 18. f5 Nd4 19. Bxd4 cxd4 20. fxe6 fxe6 21. e5 {1-0 Akhmedov,D (2244)-Omonov,A (2224) World Rapid 2023 (11.94)}) ({RR} 6... Nbd7 7. h3 Bxf3 8. Bxf3 Bd6 9. c3 Ne5 10. Be2 dxe4 11. dxe4 Qc7 12. Qc2 O-O-O 13. b4 Ng6 14. Nc4 Nf4 15. Nxd6+ Qxd6 16. Bf3 g5 17. Be3 a6 18. Rfd1 Qc7 19. a4 h6 20. b5 cxb5 21. axb5 {1-0 Daurimbetov,A (2067)-Stead,K (1895) Titled Tue 20th Feb Early 2024 (4)}) ({RR} 6... Be7 7. h3 Bh5 8. b3 O-O 9. Bb2 c5 10. Ne5 Bxe2 11. Qxe2 Nbd7 12. f4 Rc8 13. Rae1 b5 14. Nxd7 Qxd7 15. e5 Ne8 16. g4 d4 17. f5 Bh4 18. Rd1 Bg5 19. Bc1 Be3+ 20. Kh2 f6 21. Ne4 {½-½ Mogranzini,R (2459)-Sargsyan,A (2395) Titled Tuesday intern op 03rd May Late blitz 2022 (11)}) 7. dxe4 Bc5 8. c3 a5 9. a4 Nbd7 10. Qc2 O-O 11. Nc4 Qc7 12. Bg5 Bh5 13. Rad1 Bg6 14. Bd3 b5 15. axb5 cxb5 16. Ncd2 Ne5 17. Nxe5 Qxe5 18. Nf3 Qb8 19. Qe2 Ra7 20. Bxf6 gxf6 21. e5 b4 22. cxb4 Qxb4 23. exf6 Rb7 24. Bxg6 hxg6 25. Qe5 Rb5 26. Qg3 Bb6 27. Rd7 Qxb2 28. Qd6 Qxf6 29. Qc6 Qb2 30. h4 Rc5 31. Qd6 Rd5 32. Qc6 Rxd7 33. Qxd7 Rd8 34. Qe7 Qb4 35. Qf6 Qf8 36. Rb1 Rb8 37. Rd1 Qg7 38. Qf4 Rd8 39. Rb1 Bd4 40. Qc7 Bf6 41. Qxa5 Qh6 42. g3 Qf8 43. Kg2 Qd6 1/2-1/2

[Event "45th Olympiad 2024"]
[Site "Budapest HUN"]
[Date "2024.09.14"]
[Round "4.61"]
[Board "4"]
[White "Garcia Fuentes, Sergio Miguel"]
[Black "Abdou Ahmed Alem"]
[Result "1/2-1/2"]
[WhiteElo "2114"]
[BlackElo "1897"]
[PlyCount "85"]
[EventDate "2024.09.11"]
[WhiteTeam "Guatemala"]
[BlackTeam "Mauritania"]
[WhiteTeamCountry "GUA"]
[BlackTeamCountry "MAU"]

1. e4 c6 2. Nf3 d5 3. Nc3 dxe4 4. Nxe4 Nf6 5. Qe2 Nxe4 6. Qxe4 Qd5 7. Qh4 Bf5 8. Bc4 Qe4+ 9. Qxe4 Bxe4 10. Bxf7+ Kd8 11. Bb3 Bxf3 12. gxf3 g6 $146 ({RR} 12... e5 13. Rg1 Nd7 14. d3 Nc5 15. Be3 g6 16. f4 exf4 17. Bxf4 Bg7 18. O-O-O Kd7 19. Be3 Nxb3+ 20. axb3 a5 21. c3 b5 22. Kc2 Be5 23. h4 Rhf8 24. h5 Rf6 25. hxg6 hxg6 26. Rg4 Ke6 27. Rdg1 {0-1 Popzafirov,D (1895)-Tsonkov,T (1878) ch-BUL 2024 Sofia BUL (9.8)}) ({RR} 12... e5 13. d3 Nd7 14. f4 Kc7 15. fxe5 Nxe5 16. Bf4 Bd6 17. Bg3 Nf3+ 18. Ke2 Rhf8 19. Raf1 a5 20. c3 a4 21. Bc2 a3 22. b4 Rf6 23. d4 Re8+ 24. Kd1 h5 25. h4 Bxg3 26. fxg3 Re3 27. Rf2 {0-1 Silva,P (2220)-Manukian,A (2196) Titled Tue 26th Dec Early 2023 (8)}) 13. d4 Bg7 14. Be3 Rf8 15. h4 Nd7 16. h5 Kc7 17. hxg6 hxg6 18. Rh7 Bf6 19. O-O-O Rh8 20. Rxh8 Rxh8 21. f4 Rh2 22. Rg1 Bh4 23. f5 g5 24. f4 Re2 25. Bd2 gxf4 26. Bxf4+ Kb6 27. c4 Bf2 28. Rd1 Re4 29. c5+ Kb5 30. Bd2 Bxd4 31. Bc2 Rg4 32. b4 Ne5 33. a4+ Kc4 34. Kb1 Nf3 35. Bc1 Rg1 36. Ba3 Rxd1+ 37. Bxd1 Nh4 38. Bc2 Ng2 39. Ka2 Ne3 40. Bb3+ Kd3 41. Be6 Kc2 42. Bb3+ Kd3 43. Be6 1/2-1/2

[Event "45th Olympiad 2024"]
[Site "Budapest HUN"]
[Date "2024.09.14"]
[Round "4.62"]
[Board "1"]
[White "Darmanin, Jake"]
[Black "D'Amico, Nicola"]
[Result "1-0"]
[WhiteElo "2119"]
[BlackElo "1801"]
[PlyCount "35"]
[EventDate "2024.09.11"]
[WhiteTeam "Malta"]
[BlackTeam "San Marino"]
[WhiteTeamCountry "MLT"]
[BlackTeamCountry "SMR"]

1. e4 e5 2. Nf3 Nf6 3. d4 Nxe4 4. Bd3 d5 5. dxe5 Be7 6. O-O O-O 7. c4 c6 8. Qc2 f5 9. exf6 Nxf6 10. Nc3 Na6 11. a3 Kh8 $146 ({RR} 11... Nc5 12. Be2 d4 13. Rd1 Ne6 14. b4 b6 15. Ne4 c5 16. Nxf6+ Bxf6 17. Qe4 Rb8 18. Bd3 g6 19. Bh6 Ng7 20. Bxg7 Kxg7 21. Ne5 Bb7 22. Qf4 Bg5 23. Qg3 Bf4 {0-1 Shirobokov,D (1842)-Fedorov,O (2056) Saratov RSOCF Cup 2010 (8)}) 12. cxd5 Qa5 13. dxc6 Nb4 14. axb4 Qxa1 15. Bg5 Qxf1+ 16. Kxf1 Bxb4 17. Qb3 a5 18. Ne5 1-0

[Event "45th Olympiad 2024"]
[Site "Budapest HUN"]
[Date "2024.09.14"]
[Round "4.62"]
[Board "2"]
[White "Righi, Ezio"]
[Black "Novak, Attila Robert"]
[Result "0-1"]
[WhiteElo "1909"]
[BlackElo "2135"]
[PlyCount "70"]
[EventDate "2024.09.11"]
[WhiteTeam "San Marino"]
[BlackTeam "Malta"]
[WhiteTeamCountry "SMR"]
[BlackTeamCountry "MLT"]

1. e4 c5 2. Nf3 e6 3. d4 cxd4 4. Nxd4 a6 5. Be2 Qc7 6. Nc3 b5 7. O-O Bb7 8. Bf3 Nc6 9. Nxc6 dxc6 10. Qe2 Bd6 11. g3 Be5 ({RR} 11... Nf6 12. b3 Be5 13. Bb2 O-O 14. Nd1 c5 15. Bg2 Rfd8 16. c3 Qc6 17. f4 Bc7 18. c4 Ba5 19. Bxf6 gxf6 20. Rf2 Qd7 21. f5 Qd4 22. Nb2 Bd2 23. Rd1 Qxb2 24. Rxd2 Qc1+ 25. Bf1 e5 26. Rc2 {0-1 Socko,B (2631)-Miezis,N (2552) Bundesliga 0809 2008 (3.2)}) 12. Bg2 ({RR} 12. Nd1 Nf6 13. c4 Nd7 14. Be3 c5 15. Bg2 O-O 16. Rc1 Qa5 17. b3 Rfd8 18. f4 Bd4 19. Bxd4 cxd4 20. Nf2 Rac8 21. Qb2 Qb6 22. cxb5 axb5 23. Rxc8 Bxc8 24. Rd1 e5 25. Bh3 f6 26. Bxd7 Bxd7 {0-1 Lanc,A (2259)-Prokofiev,V (2381) 25th Olomouc B1 IM 2024 (3.3)}) 12... Ne7 $146 ({RR} 12... Nf6 13. Kh1 Bd4 14. Nd1 Rd8 15. c3 Bb6 16. Bg5 h6 17. Bxf6 gxf6 18. Ne3 c5 19. Qh5 Qe5 20. Ng4 Qxh5 21. Nxf6+ {0-1 Glazik,M (2151)-Kunicki,M (2026) Polanica Zdroj op 2001 (3)}) 13. f4 Bd4+ 14. Be3 c5 15. Nd1 O-O 16. c3 Bxe3+ 17. Nxe3 Rad8 18. Rad1 Bc6 19. Rxd8 Rxd8 20. Rd1 Kf8 21. Rd2 Rxd2 22. Qxd2 Ke8 23. Kf2 Qd7 24. Qxd7+ Kxd7 25. e5 Bxg2 26. Kxg2 Kc6 27. Kf3 Nd5 28. Ke4 Nxe3 29. Kxe3 Kd5 30. Kd3 g5 31. b3 c4+ 32. bxc4+ bxc4+ 33. Ke3 g4 34. a3 a5 35. a4 h6 0-1

[Event "45th Olympiad 2024"]
[Site "Budapest HUN"]
[Date "2024.09.14"]
[Round "4.62"]
[Board "3"]
[White "Mizzi, Jack"]
[Black "Grassi, Enrico"]
[Result "1-0"]
[WhiteElo "2053"]
[BlackElo "1965"]
[PlyCount "51"]
[EventDate "2024.09.11"]
[WhiteTeam "Malta"]
[BlackTeam "San Marino"]
[WhiteTeamCountry "MLT"]
[BlackTeamCountry "SMR"]

1. d4 Nf6 2. Nf3 g6 3. c4 c5 4. d5 b5 5. cxb5 a6 6. bxa6 Bg7 7. Nc3 O-O 8. e4 d6 9. h3 Qa5 10. Bd2 Bxa6 11. Bxa6 ({RR} 11. Be2 Nbd7 12. O-O Rfb8 13. Rb1 Bxe2 14. Qxe2 Qa6 15. Qe3 Ne8 16. Rfe1 Nc7 17. Qg5 Bf6 18. Qg4 Qc8 19. Bg5 Nb5 20. Bxf6 exf6 21. Nd2 Qc7 22. Nxb5 Rxb5 23. Qe2 Rb7 24. a3 Qb8 25. Nc4 Ne5 {0-1 Gdanski,J (2532)-Jakubiec,A (2490) POL-chT 62th 2006 (1)}) 11... Nxa6 12. O-O Rfb8 13. e5 $146 ({RR} 13. a3 Nc7 14. Qc2 Qb6 15. Rfb1 Qb3 16. Qxb3 Rxb3 17. Bc1 Nb5 18. Nxb5 Rxb5 19. Nd2 Rab8 20. f3 e6 21. dxe6 fxe6 22. Nf1 Nd7 23. Ne3 Ne5 24. Ra2 Nd3 25. Kf1 Bh6 26. Ke2 Rb3 27. Bd2 Bxe3 {0-1 Hirzel,C (1649)-Kostov,K (2010) SUI-ch U16 Biel 2022 (1)}) ({RR} 13. b3 Nd7 14. Na4 Qd8 15. Bc3 Bxc3 16. Nxc3 Qa5 17. Qd2 c4 18. bxc4 Rc8 19. Nb5 Qa4 20. Rfc1 Rxc4 21. Rxc4 Qxc4 22. Nbd4 Nac5 23. Qf4 Rxa2 24. Rxa2 Qxa2 25. Ng5 Nf6 26. Nc6 Kf8 27. Nd8 Ncxe4 {0-1 Ercan,S (2086)-Gassner,Y (1993) 49th OKU 2024 (1.20)}) ({RR} 13. Rb1 Nd7 14. a4 Nb6 15. Be1 {½-½ Chloupek,S (2335)-Horak,M (2325) CZE-ch op Nymburk 1997}) 13... dxe5 14. Nxe5 Qb6 15. Nc4 Qd8 16. Bf4 Rb7 17. Qf3 Rb4 18. b3 Ra7 19. Rfd1 Ne8 20. Rac1 Nd6 21. Nxd6 exd6 22. Ne4 Rd7 23. Bg5 Qe8 24. Re1 Rxe4 25. Rxe4 Be5 26. Bf6 1-0

[Event "45th Olympiad 2024"]
[Site "Budapest HUN"]
[Date "2024.09.14"]
[Round "4.62"]
[Board "4"]
[White "Piva, Michele"]
[Black "Zerafa, Patrick"]
[Result "0-1"]
[WhiteElo "1721"]
[BlackElo "1986"]
[PlyCount "72"]
[EventDate "2024.09.11"]
[WhiteTeam "San Marino"]
[BlackTeam "Malta"]
[WhiteTeamCountry "SMR"]
[BlackTeamCountry "MLT"]

1. d4 Nf6 2. c4 g6 3. Nc3 Bg7 4. Nf3 d6 5. e4 O-O 6. Bd3 Nc6 7. a3 ({RR} 7. d5 Nb4 8. Be2 e5 9. a3 Na6 10. Bg5 h6 11. Bh4 Qe8 12. Nd2 Nh7 13. b4 f5 14. f3 Bf6 15. Bf2 Bg5 16. c5 Be7 17. Bc4 Kh8 18. Nb3 Nf6 19. Qe2 fxe4 20. Nxe4 Nb8 21. O-O Nbd7 {1-0 Skembris,S (2477)-Moutousis,K (2437) GRE-ch Athens 1999 (7)}) 7... e5 ({RR} 7... Bg4 8. Be2 Nd7 9. Be3 Bxf3 10. Bxf3 e5 11. d5 Nd4 12. O-O c5 13. dxc6 bxc6 14. Bxd4 exd4 15. Ne2 Rb8 16. b4 c5 17. Rb1 Ne5 18. Nf4 Bh6 19. Nd5 Nxc4 20. bxc5 Rxb1 21. Qxb1 Nd2 22. Qb7 {1-0 MY,A (1563)-Saito,V (2138) Kasparov CF University Cup rapid 2022 (6.201)}) 8. Be3 $146 ({RR} 8. d5 Nd4 9. Nxd4 exd4 10. Ne2 Qe8 11. Ng3 c5 12. Bf4 Qe7 13. O-O Re8 14. Re1 Nd7 15. Ra2 b6 16. b3 f6 17. Rae2 Ne5 18. f3 a5 19. a4 Bd7 20. Bc1 Qf7 21. h3 Nxd3 22. Qxd3 Bf8 {1-0 Jestico,J-Foley,P Southend op London 2005 (4)}) ({RR} 8. d5 Ne7 9. O-O Nd7 10. b4 f5 11. Rb1 f4 12. Bb2 Nf6 13. c5 a6 14. Bc4 Kh8 15. Qc2 h6 16. h3 g5 17. Nh2 g4 18. hxg4 Nxg4 19. Nxg4 Bxg4 20. f3 Bc8 21. Kf2 Ng6 22. Rh1 Qg5 {1-0 Lischer,T (1545)-Link,W (1418) Dortmund7 2003 (10)}) 8... Ng4 9. d5 Nxe3 10. fxe3 Ne7 11. h4 h6 12. Nh2 f5 13. Kd2 c6 14. h5 g5 15. Nf3 f4 16. Nxg5 hxg5 17. h6 Bf6 18. Qh5 Qe8 19. h7+ Kh8 20. Qe2 Qg6 21. Rh2 Bg7 22. Rah1 Bd7 23. Qe1 Rf6 24. Be2 Qf7 25. Bh5 Ng6 26. Nd1 b5 27. Qe2 bxc4 28. Qxc4 cxd5 29. exd5 Rc8 30. Qe2 Qxd5+ 31. Ke1 Bb5 32. Qg4 Rc2 33. g3 Be2 34. Rxe2 Qxh1+ 35. Kf2 Qxd1 36. exf4 Qxe2+ 0-1

[Event "45th Olympiad 2024"]
[Site "Budapest HUN"]
[Date "2024.09.14"]
[Round "4.63"]
[Board "1"]
[White "Asante Debesai Zerabruk"]
[Black "Ortega Amarelle, Mariano"]
[Result "0-1"]
[WhiteElo "1908"]
[BlackElo "2453"]
[PlyCount "46"]
[EventDate "2024.09.11"]
[WhiteTeam "Eritrea"]
[BlackTeam "Cape Verde"]
[WhiteTeamCountry "ERI"]

1. e4 c5 2. Nf3 d6 3. d3 g6 4. g3 Bg7 5. Bg2 Nc6 6. O-O e5 7. Be3 Nge7 8. c4 ({RR} 8. Qd2 O-O 9. Bh6 Bxh6 10. Qxh6 f6 11. Qd2 Be6 12. Nc3 Kg7 13. Rae1 Qb6 14. Rb1 Rad8 15. a3 {½-½ Velimirovic,D (2500)-Ribli,Z (2615) Sarajevo 1985 (10)}) ({RR} 8. Qd2 O-O 9. Bh6 f5 10. Bxg7 Kxg7 11. exf5 gxf5 12. Nc3 h6 13. Ne2 Be6 14. c3 Qd7 15. Nh4 Rad8 16. d4 cxd4 17. cxd4 e4 18. Nf4 d5 19. Bh3 Qd6 20. Rad1 Bc8 21. a3 Rde8 22. Kh1 Nd8 {½-½ Egenolf,D (1995)-Hoepfner,T (1948) Hessenliga 1718 2017 (9.5)}) 8... O-O 9. Qd2 f5 $146 ({RR} 9... f6 10. Nc3 Be6 11. h3 Qd7 12. Kh2 a6 13. Nd5 Bxd5 14. cxd5 Nd8 15. Ng1 f5 16. f4 Nf7 17. Nf3 exf4 18. gxf4 Rae8 19. Rf2 b6 20. Rg1 Qa4 21. b3 Qd7 22. h4 Nh6 23. Bh3 Ng4+ 24. Bxg4 {½-½ Larsen,N (1976)-Holst,L (1831) Taastrup Quick Weekend 11th B1 2010 (4)}) ({RR} 9... Bg4 10. h3 Bxf3 11. Bxf3 f5 12. Nc3 f4 13. gxf4 exf4 14. Bxf4 g5 15. Bg4 Rxf4 16. Be6+ Kh8 17. Ne2 Nd4 18. Nxd4 Bxd4 19. h4 Ng6 20. h5 Ne5 21. Kg2 Qf6 22. Bf5 Nf3 23. Qxf4 gxf4 24. Kxf3 {0-1 Raum,N (1816)-Daurer,W (2007) GER-chT Betriebe 15th 2015 (2.4)}) 10. Nc3 Nd4 11. Nh4 f4 12. gxf4 Nec6 13. Nf3 Nxf3+ 14. Bxf3 exf4 15. Bxf4 Bxc3 16. bxc3 Qf6 17. Bxd6 Qxd6 18. Qe3 Qf4 19. Kg2 Bh3+ 20. Kxh3 Qxf3+ 21. Qxf3 Rxf3+ 22. Kg4 Raf8 23. Rg1 R8f4+ 0-1

[Event "45th Olympiad 2024"]
[Site "Budapest HUN"]
[Date "2024.09.14"]
[Round "4.63"]
[Board "2"]
[White "Alho, Diogo"]
[Black "Weldegebriel Beraki, Kibrom"]
[Result "1-0"]
[WhiteElo "2192"]
[BlackElo "1885"]
[PlyCount "61"]
[EventDate "2024.09.11"]
[WhiteTeam "Cape Verde"]
[BlackTeam "Eritrea"]
[BlackTeamCountry "ERI"]

1. d4 Nf6 2. c4 e6 3. Nc3 d5 4. cxd5 exd5 5. Bg5 c6 6. e3 h6 7. Bh4 Bd6 8. Qc2 O-O 9. Bd3 a5 ({RR} 9... Re8 10. Nf3 Be6 11. Ne5 c5 12. O-O cxd4 13. exd4 Nc6 14. Nxc6 bxc6 15. Bg3 Bxg3 16. hxg3 Ng4 17. Bf5 Qf6 18. Bxg4 Bxg4 19. Qd2 Rab8 20. Rfe1 Rxe1+ 21. Rxe1 Qg5 22. Qxg5 hxg5 23. b3 Rb4 24. f3 {1-0 Sarana,A (2654)-Esipenko,A (2682) Chess.com U20 Speed blitz 2020 (1.17)}) ({RR} 9... Re8 10. Nf3 Be6 11. O-O Nbd7 12. a3 a5 13. Rab1 Qb8 14. b4 axb4 15. axb4 b5 16. Rfe1 Bg4 17. Bg3 Bxg3 18. hxg3 Qd6 19. Nd2 Nb6 20. Nb3 Qxb4 21. Nc5 Qa5 22. f3 Be6 23. e4 dxe4 24. fxe4 {0-1 Peycheva,G (2266)-Salinas Herrera,P (2485) Titled Tue 25th Jun Early 2024 (3)}) 10. f3 $146 ({RR} 10. Nf3 Na6 11. a3 Re8 12. O-O Nc7 13. Kh1 Bg4 14. Ng1 Bd7 15. Rae1 Ne6 16. Nf3 Nf8 17. Na4 Bg4 18. Nd2 g5 19. Bg3 Bxg3 20. fxg3 N8d7 21. h3 Be6 22. g4 Qc7 23. Rf3 Kg7 24. Nf1 h5 {0-1 Vivekananthan,A (2239)-Matros,A (2417) Charlotte CCCSA Fall IM 2020 (5)}) 10... Re8 11. e4 dxe4 12. fxe4 c5 13. dxc5 Bxc5 14. O-O-O Nc6 15. Bb5 Bd4 16. Nge2 Qb6 17. Nxd4 Nxd4 18. Rxd4 Qxd4 19. Bxf6 Qxf6 20. Bxe8 b5 21. Bxb5 Be6 22. Bc6 Rc8 23. Bd5 Qe5 24. Bxe6 Qxe6 25. Rf1 Qc4 26. Rd1 a4 27. Qd3 Qxa2 28. Qd8+ Kh7 29. Qxc8 Qb3 30. Qf5+ g6 31. Qd5 1-0

[Event "45th Olympiad 2024"]
[Site "Budapest HUN"]
[Date "2024.09.14"]
[Round "4.63"]
[Board "3"]
[White "Lilay Weldu Gebru"]
[Black "Mirulla, David"]
[Result "0-1"]
[WhiteElo "1977"]
[BlackElo "1904"]
[PlyCount "54"]
[EventDate "2024.09.11"]
[WhiteTeam "Eritrea"]
[BlackTeam "Cape Verde"]
[WhiteTeamCountry "ERI"]

1. e4 e5 2. Nf3 Nc6 3. Bb5 a6 4. Ba4 Nf6 5. O-O Be7 6. Re1 b5 7. Bb3 O-O 8. c3 d5 9. exd5 Nxd5 10. Nxe5 Nxe5 11. Rxe5 Nf6 12. h3 Bd6 13. Re3 Bb7 14. d4 Nd5 15. Re1 Qf6 16. Qg4 $146 ({RR} 16. Qf3 Nf4 17. Qxb7 Nd3 18. Qe4 Qxf2+ 19. Kh1 Qg3 20. Kg1 Nxe1 21. Qg4 Qh2+ 22. Kf1 Qh1+ 23. Ke2 Rae8+ 24. Be3 Nxg2 25. Bd5 Qe1+ 26. Kf3 Rxe3+ 27. Kxg2 Rg3+ {0-1 Lopez Perez,A (1947)-Solis Fernandez,F (1904) Extremadura-chT 2007 (4.1)}) 16... Rae8 17. Be3 Nf4 18. d5 Nd3 19. Re2 Qe5 20. g3 Nc1 21. Rd2 Nxb3 22. axb3 Bxd5 23. Na3 f5 24. Qd1 Bb7 25. Kh2 f4 26. Rxd6 fxg3+ 27. fxg3 Qxe3 0-1

[Event "45th Olympiad 2024"]
[Site "Budapest HUN"]
[Date "2024.09.14"]
[Round "4.63"]
[Board "4"]
[White "Vaz, Jose Carlos"]
[Black "Samuel Merhawi Gebrehiwet"]
[Result "1-0"]
[WhiteElo "1909"]
[BlackElo "1788"]
[PlyCount "105"]
[EventDate "2024.09.11"]
[WhiteTeam "Cape Verde"]
[BlackTeam "Eritrea"]
[BlackTeamCountry "ERI"]

1. e4 c5 2. Nf3 Nc6 3. d4 cxd4 4. Nxd4 Nf6 5. Nc3 d6 6. f3 g6 7. Be3 Bg7 8. Qd2 d5 9. O-O-O ({RR} 9. Bb5 O-O 10. Bxc6 bxc6 11. Nxc6 Qc7 12. exd5 e6 13. O-O Nxd5 14. Nxd5 exd5 15. Nd4 Bd7 16. Rad1 Rfe8 17. c3 Be5 18. f4 Bd6 19. Rfe1 Re4 20. Nf3 Bc6 21. g3 Rae8 22. Bd4 Ba4 23. b3 Bb5 {1-0 Arnold,L (2340)-Braeuning,R (2270) Bodensee-Cup 1st 1995}) ({RR} 9. Bb5 Bd7 10. exd5 Nxd4 11. Bxd7+ Qxd7 12. Bxd4 O-O 13. O-O-O Rfc8 14. Rhe1 b5 15. Be5 b4 16. Ne4 a5 17. Kb1 Rd8 18. Qd4 Qb7 19. Nxf6+ exf6 20. Bg3 a4 21. d6 b3 22. cxb3 axb3 23. a3 Rd7 {1-0 Londono Lopez,D (2070)-Rodriguez Valencia,S (1786) COL-ch U20 Barranquilla 2022 (3)}) 9... dxe4 10. fxe4 Ng4 11. Bb5 $146 ({RR} 11. Nxc6 Qxd2+ 12. Rxd2 bxc6 13. Bf4 e5 14. Bg5 f6 15. h3 fxg5 16. hxg4 Bxg4 17. Rd6 Rc8 18. Be2 Bd7 19. Rhd1 Rd8 20. Bg4 Bxg4 21. Rxd8+ {½-½ Guillet,J (1540)-Duval,S (1970) Elancourt op 10th 2007 (4)}) 11... Bd7 12. Nb3 Nce5 13. Bxd7+ Qxd7 14. Qe2 Qe6 15. Nd5 Rc8 16. Nd4 Qd7 17. Nb5 Nxe3 18. Nf6+ Bxf6 19. Rxd7 Rxc2+ 20. Qxc2 Nxc2 21. Rxb7 Ne3 22. Nc7+ Kd8 23. Nd5 Kc8 24. Rxa7 Kb8 25. Ra3 Rc8+ 26. Kb1 Nxd5 27. exd5 Nc4 28. Rb3+ Kc7 29. Rd1 Kd6 30. g3 Bg5 31. Rc3 Bf6 32. Rb3 h5 33. a3 Be5 34. Ka2 g5 35. Rdd3 g4 36. Rb5 h4 37. b3 Nxa3 38. Kxa3 Ra8+ 39. Kb4 Ra2 40. Rb6+ Kd7 41. Rh6 Rxh2 42. Rxh4 Bxg3 43. Rxg4 Bd6+ 44. Kb5 f5 45. Rg5 f4 46. Rg8 Rh5 47. Rf8 e5 48. Rf7+ Ke8 49. Rg7 e4 50. Rd1 Be5 51. Rb7 Rh6 52. Rg1 Kf8 53. Rc1 1-0

[Event "45th Olympiad 2024"]
[Site "Budapest HUN"]
[Date "2024.09.14"]
[Round "4.64"]
[Board "1"]
[White "Michaelides, Konstantinos"]
[Black "Muhammed, Shuaau"]
[Result "1-0"]
[WhiteElo "2297"]
[BlackElo "2052"]
[PlyCount "51"]
[EventDate "2024.09.11"]
[WhiteTeam "Cyprus"]
[BlackTeam "Maldives"]
[WhiteTeamCountry "CYP"]
[BlackTeamCountry "MDV"]

1. d4 d5 2. Nf3 Nf6 3. Bf4 e6 4. e3 Bd6 5. Nbd2 Bxf4 6. exf4 Qd6 7. g3 c5 8. dxc5 Qxc5 9. Bd3 O-O 10. O-O Nc6 11. c3 b5 12. a3 Bb7 13. Qe2 a6 14. Rfe1 Qb6 15. Nb3 Rfe8 $146 ({RR} 15... Na5 16. Nbd4 Nc4 17. Ne5 Rfe8 18. h4 Rac8 19. f3 Rc7 20. Qf2 Qc5 21. Re2 g6 22. Rae1 Rec8 23. g4 a5 24. h5 b4 25. hxg6 hxg6 26. axb4 axb4 27. Bxc4 dxc4 28. Qh4 Nd5 29. Rh2 Kf8 30. Nd7+ {1-0 Saraci,N (2446)-Sihlongonyane,S (1813) 45th Olympiad 2024 (1.72)}) 16. Rad1 Rab8 17. Ne5 Ba8 18. g4 Nxe5 19. fxe5 Nd7 20. Nd4 Nc5 21. g5 Bc6 22. Qh5 g6 23. Qh6 a5 24. Re3 b4 25. Rh3 bxc3 26. Bxg6 1-0

[Event "45th Olympiad 2024"]
[Site "Budapest HUN"]
[Date "2024.09.14"]
[Round "4.64"]
[Board "2"]
[White "Mohamed, Hassan MDV"]
[Black "Isaakidis, Alexandros"]
[Result "0-1"]
[WhiteElo "1880"]
[BlackElo "2155"]
[PlyCount "104"]
[EventDate "2024.09.11"]
[WhiteTeam "Maldives"]
[BlackTeam "Cyprus"]
[WhiteTeamCountry "MDV"]
[BlackTeamCountry "CYP"]

1. d4 Nf6 2. Nf3 c5 3. e3 g6 4. b3 Bg7 5. Bb2 cxd4 6. Nxd4 O-O 7. Be2 d5 8. O-O Nc6 ({RR} 8... e5 9. Nf3 e4 10. Nd4 Nc6 11. c4 Ne5 12. Nd2 Bg4 13. cxd5 Bxe2 14. Qxe2 Qxd5 15. Rfd1 Rfd8 16. Nb5 Neg4 17. h3 Nh6 18. Nc7 Qf5 19. Nxa8 Rxa8 20. Nf1 g5 21. Ng3 Qg6 22. Rd6 g4 23. Rad1 {0-1 Pancewicz,S (2041)-Janeczko,J (2246) Jana Maciei Mem 2024 (8.28)}) 9. Nd2 Re8 $146 ({RR} 9... a6 10. Rc1 Qa5 11. a4 Rd8 12. Qe1 Qb6 13. h3 Re8 14. N2f3 Ne4 15. Bd3 Nc5 16. Nxc6 Bxb2 17. Rb1 Bg7 18. Nb4 Qd6 19. Rd1 e6 20. Be2 Qc7 21. Na2 Bd7 22. Bd3 b5 23. a5 Rac8 24. b4 {0-1 Powalla,K-Stimpel,F (2255) Hessenliga Germany 1995}) ({RR} 9... Qc7 10. Nxc6 bxc6 11. c4 Ng4 12. Bxg4 Bxb2 13. Rb1 Bg7 14. Bxc8 Raxc8 15. Qc2 Rfd8 16. Nf3 Qb7 17. Rbc1 e6 18. Qe2 a5 19. e4 Qa6 20. Rfe1 dxe4 21. Qxe4 c5 22. Rcd1 a4 23. h4 axb3 24. axb3 {½-½ Watson,B (2260)-Dive,R (2448) NZL-ch 107th 1999 (5)}) 10. N2f3 Ne4 11. Nxc6 bxc6 12. Bxg7 Kxg7 13. Qd4+ f6 14. Rfd1 e5 15. Qb2 Qb6 16. c4 Be6 17. Rac1 Rac8 18. h3 a5 19. Bd3 Nc5 20. Bf1 Re7 21. Qa1 Qb4 22. g4 h6 23. Nh4 Qb8 24. Qc3 Qb6 25. Qc2 e4 26. Ng2 g5 27. Qc3 dxc4 28. Bxc4 Bxc4 29. Qxc4 Nd3 30. Rc2 Qb4 31. Qa6 Rd8 32. Rxc6 Red7 33. Rc4 Qe7 34. Qc6 Ne5 35. Rxd7 Rxd7 36. Qxe4 Nxc4 37. Qxc4 Rd1+ 38. Kh2 Qd6+ 39. f4 Rd2 40. Qe4 Qd7 41. a3 Qd5 42. Qe7+ Qf7 43. Qc5 Qb7 44. e4 gxf4 45. Qxa5 Qd7 46. Qc3 Rd3 47. Qc5 Rd2 48. Qc3 Re2 49. a4 Qd6 50. Qf3 Qd2 51. Kg1 Qd4+ 52. Kh2 Rf2 0-1

[Event "45th Olympiad 2024"]
[Site "Budapest HUN"]
[Date "2024.09.14"]
[Round "4.64"]
[Board "3"]
[White "Antoniou, Rafail"]
[Black "Hussain, Nimal"]
[Result "1-0"]
[WhiteElo "2007"]
[BlackElo "1805"]
[PlyCount "81"]
[EventDate "2024.09.11"]
[WhiteTeam "Cyprus"]
[BlackTeam "Maldives"]
[WhiteTeamCountry "CYP"]
[BlackTeamCountry "MDV"]

1. c4 e5 2. g3 Nf6 3. Bg2 Bc5 4. Nc3 O-O 5. Nf3 d6 6. d4 exd4 7. Nxd4 c6 8. O-O h6 $146 ({RR} 8... Be6 9. b3 d5 10. cxd5 Nxd5 11. Bb2 Nxc3 12. Bxc3 Bd5 13. e4 Be6 14. Nxe6 fxe6 15. Bh3 Qe7 16. Qe2 Nd7 17. Rad1 Rad8 18. Kg2 Bd6 19. Qg4 e5 20. Qe6+ {1-0 Kracik,T (1804)-Jodl,D (1610) CZE-ch U14 Sec u Chrudimi 2007 (4)}) ({RR} 8... a5 9. b3 Nbd7 10. Bb2 Re8 11. e3 Nf8 12. h3 Ng6 13. Qd2 Bd7 14. Rad1 Qc8 15. Kh2 Re5 16. Nf3 Rh5 17. Ng1 Ne5 18. Na4 Bxh3 19. Bxe5 Ng4+ 20. Kh1 Bxg2+ 21. Kxg2 Rh2+ 22. Kf3 Nxe5+ 23. Ke4 {0-1 Vardanyan,A (2299)-Xu,Y (2495) Titled Tue 13th Feb Early 2024 (4)}) ({RR} 8... Nbd7 9. Nb3 Bb4 10. Qc2 Nb6 11. a3 Bxc3 12. Qxc3 Be6 13. Nd2 Qd7 14. b3 Bh3 15. Bb2 Bxg2 16. Kxg2 Rfe8 17. e4 Re7 18. f4 Ne8 19. Rfe1 f6 20. Nf3 Qc7 21. Rad1 Nd7 22. b4 {½-½ Dawson,A (1811)-Walker,D (1956) Dundee & Angus op 2009 (3)}) 9. Na4 Bxd4 10. Qxd4 Be6 11. Rd1 Qa5 12. Nc3 Qc5 13. Qxd6 Qxd6 14. Rxd6 Bxc4 15. Bxh6 Ne8 16. Rd4 Bxe2 17. Bxg7 Nxg7 18. Nxe2 Na6 19. h4 Rad8 20. Rad1 Ne6 21. Rxd8 Rxd8 22. Rxd8+ Nxd8 23. Be4 Nc5 24. Bc2 Nde6 25. g4 f6 26. b4 Nd7 27. Bb3 Kf7 28. Nf4 Ndf8 29. Nxe6 Nxe6 30. f4 Ke7 31. Bxe6 Kxe6 32. f5+ Kf7 33. Kf2 b6 34. Ke3 Ke7 35. g5 Kf7 36. a4 Kg7 37. Ke4 Kf7 38. gxf6 Kxf6 39. h5 Kg5 40. Ke5 Kxh5 41. f6 1-0